000 00437nam a22001817a 4500
003 koha_MIRAKIL
005 20231213095847.0
008 231213b |||||||| |||| 00| 0 ||| d
020 _b978-9-75510079-1
040 _aTR-IsEVY
_btur
_cTR-IsEVY
082 _aFIC ÖNE/G
100 _aÖner, Çetin.
245 0 _aGülibik
260 _bCan Sanat Yayınları,
_c2014
300 _a77
650 _aGenel Konular.
942 _2ddc
_cBK
999 _c10657
_d10657